[Event "Quebec-op U2000"]
[Site "Montreal"]
[Date "2004.07.17"]
[Round "1"]
[White "Marquis, Paul"]
[Black "Mendez, Michael"]
[Result "1-0"]
[WhiteElo "1937"]
[BlackElo "1754"]
[PlyCount "48"]
[EventDate "2004.07.??"]
[EventType "swiss"]
[EventRounds "9"]
[EventCountry "CAN"]
[SourceTitle "EXT 2006"]
[Source "ChessBase"]
[SourceDate "2005.11.24"]
[SourceVersion "1"]
[SourceVersionDate "2005.11.24"]
[SourceQuality "1"]

1. e4 e5 2. Nf3 Nc6 3. Bb5 Nge7 4. 0-0 g6 5. c3 Bg7 6. d4 0-0 7. dxe5 Nxe5 8. Nxe5 Bxe5 9. Bg5 Bg7 10. f4 c6 11. Bc4 Qb6+ 12. Kh1 Re8 13. Bb3 d5 14. Nd2 Be6 15. Bxe7 Rxe7 16. f5 Bd7 17. f6 Bh6 18. fxe7 Qe3 19. exd5 Re8 20. dxc6 Bxc6 21. Bxf7+ Kh8 22. Bxe8 Bxg2+ 23. Kxg2 Qg5+ 24. Kh1 Qxe7 1-0